Papillon

Guardat en:
Dades bibliogràfiques
Autor principal: Charriere, Henri (Autor)
Format: Llibre
Idioma:espanyol
Publicat: Buenos Aires Emecé 1969
Edició:1a. ed
Matèries:
Etiquetes: Afegir etiqueta
Sense etiquetes, Sigues el primer a etiquetar aquest registre!

MARC

LEADER 00000cam a2200000 a 4500
001 UCE4262
003 CL-VaPUC
008 141016e19690000ag |||||||||||||||||spa|d
082 0 4 |a 365.6  |b CHA  |2 21 
100 0 |a Charriere, Henri  |e author  |9 576830 
245 1 0 |a Papillon 
250 |a 1a. ed 
300 |a 482 p 
942 |c BK 
945 |d 20141016 12:02:00  |a arojas 
260 |a Buenos Aires  |b Emecé  |c 1969 
650 7 |a PRISIONEROS  |2 CL-VaPUC  |9 367424 
650 0 |a Exilio  |9 343229 
650 0 |a Presos   |9 255564 
651 0 |a Francia  |9 255157 
583 |a last modification  |c 20141016 12:02:00  |k Rodrigo Vera 
999 |c 357286  |d 357284 
952 |0 0  |1 0  |3 erb  |4 0  |6 365_600000000000000_CHA_1969  |7 0  |8 A  |9 465164  |a BIBEDU  |b BIBEDU  |i 5042062  |o 365.6 CHA 1969  |p 5042062  |r 2019-11-23  |w 2019-11-23  |y BK  |z Catalogado en:20141016  |k LIT 
952 |0 0  |1 0  |3 erb  |4 0  |6 365_600000000000000_CHA_1969  |7 0  |8 A  |9 465165  |a BIBEDU  |b BIBEDU  |i 5210321  |o 365.6 CHA 1969  |p 5210321  |r 2019-11-23  |w 2019-11-23  |y BK  |z Catalogado en:20151106  |k EDU 
952 |0 0  |1 0  |3 erb  |4 0  |6 365_600000000000000_CHA_1969  |7 0  |8 A  |9 465166  |a BIBEDU  |b BIBEDU  |i 5336708  |o 365.6 CHA 1969  |p 5336708  |r 2019-11-23  |w 2019-11-23  |y BK  |z Catalogado en:20160807  |k EPE